000 00519nam a2200217Ia 4500
003 OSt
005 20220928141502.0
006 a|||||r|||| 00| 0
007 ta
008 220927b |||||||| |||| 00| 0 eng d
024 _a15456
037 _cTextual
040 _aSDCL
_cSDCL
_beng
041 _2eng
_aeng
082 _aO122,1K:g, M4
100 _aMoss Ann
_9500534
245 0 _aPoetry and fable.
260 _c1984
942 _hO122,1K:g, M4
_cTEXL
_2CC
999 _c817863
_d817863